| 000 | 00756nam a2200229 a 4500 | ||
|---|---|---|---|
| 001 | 47829 | ||
| 003 | BD-RjUL | ||
| 005 | 20211209054412.0 | ||
| 008 | 160810s1998 ii a|||| |||| 00| 0 ben d | ||
| 020 |
_a818736016X _c: Tk. 150.00 |
||
| 035 | _a(BD-RjUL)47948 | ||
| 040 |
_aBD-RjUL _bben _cBD-RjUL |
||
| 041 | _aben | ||
| 082 |
_a781.62 _bSIT 1998 |
||
| 100 |
_aসিংহ, শান্তি _9123534 |
||
| 245 | 1 | 0 |
_aটুসু / _cশান্তি সিংহ |
| 260 |
_aকলকাতা : _bপশ্চিমবঙ্গ সরকার, _c১৯৯৮ |
||
| 300 |
_a[১৪], ৪০৪ পৃ. : _bচিত্র ; _c১৯ সেমি. |
||
| 650 |
_aলোক সংগীত _9124945 |
||
| 650 |
_aFolk Music _9145219 |
||
| 942 |
_2ddc _cBK |
||
| 999 |
_c47829 _d47829 |
||